000 00294nam a22001337a 4500
008 170223b xxu||||| |||| 00| 0 eng d
020 _a9781608314218
041 _aeng
080 _26 ED
_a617
100 _a5
101 _aSHK
245 _aSURGICAL RECALL
_cBLACKBOURNE .L.H
942 _2udc
_cBK
999 _c6154
_d6154